Statistics for Countries with embassies and consulates in Uzbekistan

Click here to take the quiz!

General Stats

  • This quiz has been taken 52 times
  • The average score is 35 of 44

Answer Stats

ContinentCountry% Correct
Asia/ EuropeRussia
98%
EuropeUnited Kingdom
98%
AsiaChina
95%
AsiaIndia
95%
AsiaJapan
95%
AsiaPakistan
95%
EuropeFrance
93%
EuropeGermany
93%
AsiaIran
93%
AsiaKazakhstan
93%
EuropeItaly
90%
Asia/ EuropeTurkey
90%
EuropeUkraine
90%
AsiaSouth Korea
88%
AsiaTajikistan
88%
AsiaTurkmenistan
88%
North AmericaUnited States of America
88%
AsiaSaudi Arabia
85%
AsiaAfghanistan
83%
AsiaAzerbaijan
83%
EuropeBelarus
83%
AsiaGeorgia
83%
EuropePoland
83%
AsiaUnited Arab Emirates
83%
AsiaKyrgyzstan
80%
AfricaAlgeria
78%
AsiaIndonesia
78%
AsiaIsrael
78%
AsiaJordan
78%
AsiaVietnam
78%
AfricaEgypt
75%
EuropeHungary
75%
AsiaOman
75%
EuropeRomania
73%
EuropeSwitzerland
73%
EuropeBulgaria
70%
AsiaKuwait
70%
EuropeLatvia
70%
AsiaMalaysia
70%
AsiaBangladesh
68%
EuropeCzech Republic
63%
EuropeVatican City
53%
EuropeSlovakia
48%
AsiaPalestine
35%

Score Distribution

Percentile by Number Answered

Percent of People with Each Score

Your Score History

You have not taken this quiz